Wszyscy liderzy Pucharu Świata w skokach narciarskich - Statystyki

Ogólne statystyki
  • Ten quiz został rozwiązany 65 razy
    16 od ostatniego zresetowania
  • Średni wynik to 55 z 71
Statystyki odpowiedzi
Narodowość Skoczek % Poprawnych
Polska Adam Małysz
100%
Anders Bardal
100%
Anders Fannemel
100%
Andreas Widhölzl
100%
Dawid Kubacki
100%
Domen Prevc
100%
Gregor Schlierenzauer
100%
Jakub Janda
100%
Janne Ahonen
100%
Junshirō Kobayashi
100%
Kamil Stoch
100%
Karl Geiger
100%
Japonia Kazuyoshi Funaki
100%
Krzysztof Biegun
100%
Matti Hautamäki
100%
Peter Prevc
100%
Słowenia Primož Peterka
100%
Roman Koudelka
100%
Ryōyū Kobayashi
100%
Severin Freund
100%
Szwajcaria Simon Ammann
100%
Stefan Kraft
100%
Thomas Morgenstern
100%
Anders Jacobsen
89%
Andreas Goldberger
89%
Andreas Kofler
89%
Anže Lanišek
89%
Daniel-André Tande
89%
Daniel Tschofenig
89%
Rosja Evgeniy Klimov
89%
Halvor Egner Granerud
89%
NRD/Niemcy Jens Weißflog
89%
Martin Schmitt
89%
Masahiko Harada
89%
Finlandia Matti Nykänen
89%
Michael Hayböck
89%
Richard Freitag
89%
Robert Kranjec
89%
Sven Hannawald
89%
Andreas Felder
78%
Ari-Pekka Nikkola
78%
Armin Kogler
78%
Arttu Lappi
78%
Espen Bredesen
78%
Szwecja Jan Bokløv
78%
Markus Eisenbichler
78%
Pius Paschke
78%
Roar Ljøkelsøy
78%
Bjørn Einar Romøren
67%
Niemcy Dieter Thoma
67%
Kristian Brenden
67%
Martin Höllwarth
67%
Czechy Pavel Ploc
67%
Takanobu Okabe
67%
Toni Nieminen
67%
Kanada Horst Bulau
56%
Huber Neuper
56%
Jugosławia Primož Ulaga
56%
Sigurd Pettersen
56%
Vegard Opaas
56%
Jani Soininen
44%
Werner Rathmayr
44%
Austria Anton Innauer
33%
Ernst Vettori
33%
Heinz Kuttin
33%
Mika Laitinen
22%
Risto Laakkonen
22%
Norwegia Roger Ruud
22%
André Kiesewetter
11%
NRD Manfred Deckert
11%
Pekka Suorsa
11%
Nie znaleziono quizów pasujących do podanych kryteriów
Rozkład punktacji
Procent ludzi z każdym wynikiem
Percentyl według liczby udzielonych odpowiedzi
Twoja historia wyników
Nie rozwiązałeś tego quizu od ostatniego zresetowania